| 000 | 00863nam a2200277 a 4500 | ||
|---|---|---|---|
| 001 | 6728 | ||
| 003 | BDjRUL | ||
| 005 | 20211208234312.0 | ||
| 008 | 140112s1994 enk 000 0 eng d | ||
| 020 | _a0803954301 | ||
| 035 | _a(BD-RjUL)6769 | ||
| 040 |
_aBD-RjUL _beng _cBD-RjUL |
||
| 041 | _aeng | ||
| 082 |
_a330.072 _bBAS |
||
| 245 | 0 | 0 |
_aBasic measurement / _cMichael S. Lewis-Beck, editor |
| 260 |
_aLondon : _bSage Publications, _cc1994. |
||
| 300 |
_ax, 398 p. ; _c22 cm |
||
| 504 | _aIncludes bibliographical references and index | ||
| 650 | 0 |
_aStatistics _921158 |
|
| 650 | 0 |
_aSocial sciences _921159 |
|
| 650 | 0 |
_aSocial sciences _xStatistical methods _9904 |
|
| 830 | 0 |
_vv. 4 _921170 |
|
| 700 | 1 |
_aLewis-Beck, Michael S. _921161 |
|
| 830 | 0 |
_aInternational handbooks of quantitative applications for the social sciences ; _921171 |
|
| 942 |
_2ddc _cBK |
||
| 999 |
_c6728 _d6728 |
||